书目信息 |
| 书名: | Men at work | |
| 作者: | George F. Will. | |
| 分册号: | ||
| 分册名: | 出版地: | New York : |
|
| 出版社: | Macmillan | |
| 出版时间: | c1990. | |
| 页数: | 353 p., [16] p. of plates : | |
| 开本: | 25 cm. | |
| 丛书名: | ||
| 中图分类号: | ||
| 科图分类号: | ||
| 其他分类号: | C913 | |
| 主题词: | ||
| 电子资源: | ||
| 000 | 00938pam a2200277 a 450 | |
| 001 | E0730477175 | |
| 005 | 20070506082819.70 | |
| 008 | 890912s1990 nyuaf 001 0 eng | |
| 010 | @a89013265 | |
| 020 | @a0026284707 :@c$19.95 ($27.95 Can.). | |
| 035 | @A(DLC) 89013265 | |
| 040 | @aDLC@cDLC@dDLC | |
| 043 | @an-us--- | |
| 050 | 00 | @aGV863.A1@bW53 1990 |
| 082 | 00 | @a796.357/0973@2 20 |
| 090 | @aC913 | |
| 099 | @dC913@ex115 | |
| 100 | 1 | @aWill, George F. |
| 245 | 10 | @aMen at work :@bthe craft of baseball / @cGeorge F. Will. |
| 260 | @aNew York :@bMacmillan ;@aLondon :@bCollier Macmillan,@cc1990. | |
| 300 | @a353 p., [16] p. of plates :@bill. ;@c25 cm. | |
| 650 | 0 | @aBaseball@zUnited States@xHistory. |
| 906 | @a7@bcbc@corignew@d1@eocip@f19@gy-gencatlg | |
| 955 | @aCIP ver. he06 03-26-90 | |
| 991 | @bc-GenColl@hGV863.A1@iW53 1990@p00009953164@tCopy 901@wCCF | |
| 991 | @bc-GenColl@hGV863.A1@iW53 1990@tCopy 1@wBOOKS | |
| Men at work : : the craft of baseball / / George F. Will.-New York : : Macmillan ; ; London : : Collier Macmillan, , c1990. |
| 353 p., [16] p. of plates : : ill. ; ; 25 cm. |
| ISBN 0026284707 :$19.95 ($27.95 Can.). |
| ● |
| 相关链接 |
|
|
|
|
正题名:Men at work
索取号:C913/x115
 
预约/预借
| 序号 | 登录号 | 条形码 | 馆藏地/架位号 | 状态 | 备注 |
| 1 | 0007099 | 300070991 | 第二样本阅览室/ [索取号:C913/x115] | 在馆 |